Experimental investigation of optical transition radiation in amorphous quartz; Il Nuovo Cimento C; Vol 034, iss. 4

מידע ביבליוגרפי
Parent link:Il Nuovo Cimento C: Colloquia and communications in physics.— , 1987-
Vol 034, iss. 4.— 2011.— [P. 269-273]
מחברים אחרים: Mkrtchan (Mkrtchyan) A. R. Alpik Rafaelovich, Mkrtchyan A. H., Kocharian (Kocharyan) V. R. Vagan Rashidovich, Movsisyan A. E., Aslanian A. H., Amirkhanyan Z. G., Potylitsyn A. P. Alexander Petrovich, Gogolev A. S. Aleksey Sergeevich, Bespalov V. I. Valery Ivanovich
סיכום:Title screen
Режим доступа: по договору с организацией-держателем ресурса
שפה:אנגלית
יצא לאור: 2011
נושאים:
גישה מקוונת:http://dx.doi.org/10.1393/ncc/i2011-10935-5
פורמט: אלקטרוני Book Chapter
KOHA link:https://koha.lib.tpu.ru/cgi-bin/koha/opac-detail.pl?biblionumber=646806

MARC

LEADER 00000naa0a2200000 4500
001 646806
005 20250131143054.0
035 |a (RuTPU)RU\TPU\network\11943 
090 |a 646806 
100 |a 20160316d2011 k||y0rusy50 ba 
101 0 |a eng 
102 |a IT 
135 |a drnn ---uucaa 
181 0 |a i  
182 0 |a b 
200 1 |a Experimental investigation of optical transition radiation in amorphous quartz  |f A. R. Mkrtchan (Mkrtchyan) [et al.] 
203 |a Text  |c electronic 
300 |a Title screen 
333 |a Режим доступа: по договору с организацией-держателем ресурса 
461 |t Il Nuovo Cimento C  |o Colloquia and communications in physics  |d 1987- 
463 |t Vol 034, iss. 4  |v [P. 269-273]  |d 2011 
610 1 |a электронный ресурс 
610 1 |a труды учёных ТПУ 
701 1 |a Mkrtchan (Mkrtchyan)  |b A. R.  |c physicist  |c Professor of Tomsk Polytechnic University, Doctor of physical and mathematical sciences  |f 1937-  |g Alpik Rafaelovich  |3 (RuTPU)RU\TPU\pers\34236  |9 17767 
701 1 |a Mkrtchyan  |b A. H. 
701 1 |a Kocharian (Kocharyan)  |b V. R.  |c physicist  |c assistant of Tomsk Polytechnic University, candidate of physico-mathematical Sciences  |f 1976-  |g Vagan Rashidovich  |3 (RuTPU)RU\TPU\pers\34228  |9 17759 
701 1 |a Movsisyan  |b A. E. 
701 1 |a Aslanian  |b A. H. 
701 1 |a Amirkhanyan  |b Z. G. 
701 1 |a Potylitsyn  |b A. P.  |c Russian physicist  |c Professor of the TPU  |f 1945-  |g Alexander Petrovich  |3 (RuTPU)RU\TPU\pers\26306  |9 12068 
701 1 |a Gogolev  |b A. S.  |c physicist  |c associate professor of Tomsk Polytechnic University, Candidate of physical and mathematical sciences  |f 1983-  |g Aleksey Sergeevich  |3 (RuTPU)RU\TPU\pers\31537  |9 15698 
701 1 |a Bespalov  |b V. I.  |c physicist  |c Associate Professor of Tomsk Polytechnic University, candidate of physical and mathematical sciences  |f 1946-  |g Valery Ivanovich  |3 (RuTPU)RU\TPU\pers\34855  |9 18191 
801 2 |a RU  |b 63413507  |c 20160316  |g RCR 
856 4 |u http://dx.doi.org/10.1393/ncc/i2011-10935-5 
942 |c CF